00544nam a22001697a 450000500170000001000130001702000110003003500130004103700140005408200070006810000240007524500650009924600580016426000340022227000980025630000200035420200124101053.0 aB-209209 c200.00 aB-209209 bBPPD/Pub. aک aعصمت چغتاي aعصمت چغتای کے افسانے /cعصمت چغتاي aIsmat Chughtai ke Afsaney (Urdu) /bby Ismat Chughtai aDelhibKitabi Duniyac2006 ء a1955, Gali Nawab Mirza, Moh. Qabristan, Opp. Anglo Arabic School, Turkman GatebDelhie110006 a374p.c22cm(Hb)